000 00408nam a2200157Ia 4500
005 20260417150919.0
008 260417s9999||||xx |||||||||||||| ||und||
020 _a9781009448321
041 _aeng
100 _aPraszkier
245 0 _aMeaning of paradoxes and paradoxical thinking
260 _bCambridge, Cambridge,
_c2025
650 _aPsychology
856 _u10.1017/9781009448321
942 _cE-BOOK
999 _c50676
_d50676